Normal view
MARC view
Entry Personal Name
001 - CONTROL NUMBER
- control field: 59069
003 - CONTROL NUMBER IDENTIFIER
- control field: dpl
005 - DATE AND TIME OF LATEST TRANSACTION
- control field: 20231124130002.0
008 - FIXED-LENGTH DATA ELEMENTS
- fixed length control field: 231124|| aca||aabn | a|a d
040 ## - CATALOGING SOURCE
- Original cataloging agency: dpl
- Transcribing agency: dpl
100 ## - HEADING--PERSONAL NAME
- Personal name: तँवर,रोहित कुमार
670 ## - SOURCE DATA FOUND
- Source citation: Work cat.: (dpl)199222: तँवर,रोहित कुमार , राजस्थान की रियासतों का ईतिहास / , 2020
